000 00486nam a2200145Ia 4500
008 210428s9999 xx 000 0 und d
020 _a1-56347-067-5
082 _a660.04 A498 T
245 0 _aTactical Missile Warheads /
_cEditor Joseph Carleone
260 _bAmerican Institute of Aeronautics and Astronautics
_aWashington, DC
_c1993
300 _a754p
440 _aProgress in astronautics and aeronautics V-155
_9127180
700 _aA. Richard Seebass
_952222
942 _cBK
_2ddc
999 _c559996
_d559996